[Event "CRO-chT3B Center North"]
[Site "Croatia"]
[Date "2014.05.11"]
[Round "5.1"]
[White "Vucko, Jozsef"]
[Black "Juras, Ivan"]
[Result "1/2-1/2"]
[WhiteElo "2010"]
[BlackElo "1662"]
[PlyCount "150"]
[EventDate "2014.04.06"]
[EventType "team-tourn"]
[EventRounds "9"]
[EventCountry "CRO"]
[SourceTitle "EXT 2019"]
[Source "ChessBase"]
[SourceDate "2018.10.10"]
[SourceVersion "1"]
[SourceVersionDate "2018.10.10"]
[SourceQuality "1"]

1. c4 g6 2. d4 Bg7 3. Nc3 b6 4. e4 Bb7 5. Be3 e6 6. Bd3 Nc6 7. Nge2 Nb4 8. Bb1 Nf6 9. Bg5 h6 10. Bh4 g5 11. Bg3 d6 12. Qa4+ Nc6 13. d5 exd5 14. exd5 Qd7 15. Nb5 0-0 16. 0-0 Ne5 17. Qc2 c6 18. Bxe5 dxe5 19. dxc6 Qxc6 20. f3 a6 21. Na3 Rad8 22. Kh1 Qd6 23. Qb3 Nd7 24. Ng3 Nc5 25. Qc2 Qd3 26. b4 Qxc2 27. Bxc2 Nd3 28. Rab1 f5 29. c5 f4 30. Ne4 bxc5 31. Nxc5 Nxc5 32. bxc5 Bd5 33. Bb3 Kh8 34. Rfe1 Rfe8 35. Rbd1 Bc6 36. Bf7 Rxd1 37. Rxd1 Re7 38. Bg6 Bf8 39. Rc1 e4 40. fxe4 Bxe4 41. Bxe4 Rxe4 42. c6 Bd6 43. Kg1 Bc7 44. Nc4 Kg7 45. Kf2 g4 46. Nd2 Bb6+ 47. Kf1 Re7 48. Rc4 Bc7 49. Ne4 Kf7 50. Nc5 Ke8 51. Nxa6 h5 52. Nxc7+ Rxc7 53. Ke2 Kd8 54. Kd3 Rf7 55. Rd4+ Kc8 56. Ke2 f3+ 57. Kf2 fxg2+ 58. Kxg2 Rf3 59. Rd5 h4 60. Rd4 h3+ 61. Kg1 g3 62. hxg3 Rxg3+ 63. Kh1 Ra3 64. Rd2 Kc7 65. Rc2 Ra6 66. Kh2 Ra3 67. Kg1 Rg3+ 68. Kh1 Ra3 69. Kh2 Ra6 70. Kxh3 Rxc6 71. Rb2 Rb6 72. Rf2 Kb7 73. Kg2 Re6 74. Kf1 Ka6 75. Rf5 Re8 1/2-1/2

[Event "CRO-chT3B Center North"]
[Site "Croatia"]
[Date "2014.04.13"]
[Round "2.1"]
[White "Kovacic, Dominik"]
[Black "Vucko, Jozsef"]
[Result "1-0"]
[WhiteElo "1737"]
[BlackElo "2010"]
[PlyCount "77"]
[EventDate "2014.04.06"]
[EventType "team-tourn"]
[EventRounds "9"]
[EventCountry "CRO"]
[SourceTitle "EXT 2019"]
[Source "ChessBase"]
[SourceDate "2018.10.10"]
[SourceVersion "1"]
[SourceVersionDate "2018.10.10"]
[SourceQuality "1"]

1. e4 c5 2. d4 cxd4 3. c3 dxc3 4. Nxc3 Nc6 5. Nf3 d6 6. Bc4 h6 7. 0-0 Bg4 8. h3 Bh5 9. g4 Bg6 10. Qe2 e6 11. Rd1 a6 12. Be3 Be7 13. e5 Qc7 14. Bf4 d5 15. Bb3 Bc5 16. Bxd5 Nge7 17. Be4 0-0 18. Bg3 Rad8 19. h4 Kh8 20. h5 Bxe4 21. Nxe4 Ba7 22. Kg2 Rd5 23. Rxd5 Nxd5 24. g5 Qe7 25. gxh6 g6 26. Qd2 Rg8 27. Kh2 Bb8 28. Bh4 f6 29. Rg1 Nxe5 30. Nxe5 Bxe5+ 31. Bg3 Bxg3+ 32. Rxg3 g5 33. Rb3 Kh7 34. Ng3 Kxh6 35. Qxd5 Rg7 36. Qe4 f5 37. Qe5 Rf7 38. Rb6 Rf6 39. Nxf5+ 1-0

[Event "Medimurska CupT"]
[Site "Croatia"]
[Date "2014.03.15"]
[Round "6.3"]
[White "Lesar, David"]
[Black "Vucko, Jozsef"]
[Result "0-1"]
[WhiteElo "1907"]
[BlackElo "2010"]
[PlyCount "56"]
[EventDate "2014.02.08"]
[EventType "team-swiss"]
[EventRounds "6"]
[EventCountry "CRO"]
[SourceTitle "EXT 2023"]
[Source "ChessBase"]
[SourceDate "2022.10.05"]
[SourceVersion "1"]
[SourceVersionDate "2022.10.05"]
[SourceQuality "1"]

1. e4 c6 2. d4 d5 3. e5 Bf5 4. g4 Bg6 5. Nc3 e6 6. Nge2 Bb4 7. Nf4 c5 8. a3 Ba5 9. Nxg6 hxg6 10. Be3 a6 11. dxc5 Bxc3+ 12. bxc3 Nc6 13. f4 g5 14. h3 gxf4 15. Bxf4 Qa5 16. Qf3 Qxc5 17. Be2 Nge7 18. Rb1 b5 19. Rf1 Ng6 20. Qg3 Nxf4 21. Qxf4 Qxc3+ 22. Kd1 Ra7 23. Rb3 Qxe5 24. Qd2 Qa1+ 25. Qc1 Qxc1+ 26. Kxc1 Nd4 27. Re3 Nxe2+ 28. Rxe2 Rxh3 0-1

[Event "Medimurska CupT"]
[Site "Croatia"]
[Date "2014.03.08"]
[Round "5.3"]
[White "Vucko, Jozsef"]
[Black "Kovacic, Dominik"]
[Result "1/2-1/2"]
[WhiteElo "2010"]
[BlackElo "1898"]
[PlyCount "82"]
[EventDate "2014.02.08"]
[EventType "team-swiss"]
[EventRounds "6"]
[EventCountry "CRO"]
[SourceTitle "EXT 2023"]
[Source "ChessBase"]
[SourceDate "2022.10.05"]
[SourceVersion "1"]
[SourceVersionDate "2022.10.05"]
[SourceQuality "1"]

1. c4 Nf6 2. Nc3 g6 3. d4 Bg7 4. e4 d6 5. f4 0-0 6. Bd3 c5 7. d5 e6 8. Nf3 exd5 9. cxd5 Re8 10. 0-0 Na6 11. h3 Nc7 12. a4 a6 13. Qb3 Rb8 14. Re1 b5 15. axb5 axb5 16. Bd2 Bd7 17. Bc2 b4 18. Nd1 Bb5 19. Bd3 Nd7 20. Bxb5 Nxb5 21. Qd3 Nd4 22. Ra6 Rb6 23. Ra7 Nb5 24. Ra5 Nd4 25. b3 Qc7 26. Kh1 Rbb8 27. Ra6 Nxf3 28. gxf3 Rb6 29. Rxb6 Nxb6 30. Ne3 Qd7 31. Kh2 Ra8 32. Rg1 Ra2 33. Rg2 Kf8 34. Be1 Rxg2+ 35. Kxg2 Ke7 36. Bg3 Qa7 37. h4 Qa2+ 38. Kh3 Qa1 39. Kg2 Qb2+ 40. Kh3 Qa1 41. Kg2 Qb2+ 1/2-1/2

[Event "Medimurska CupT"]
[Site "Croatia"]
[Date "2014.02.15"]
[Round "2.1"]
[White "Vucko, Jozsef"]
[Black "Makovec, Bruno"]
[Result "1-0"]
[WhiteElo "2010"]
[BlackElo "2098"]
[PlyCount "99"]
[EventDate "2014.02.08"]
[EventType "team-swiss"]
[EventRounds "6"]
[EventCountry "CRO"]
[SourceTitle "EXT 2023"]
[Source "ChessBase"]
[SourceDate "2022.10.05"]
[SourceVersion "1"]
[SourceVersionDate "2022.10.05"]
[SourceQuality "1"]

1. c4 Nf6 2. d4 e6 3. Nc3 Bb4 4. a3 Bxc3+ 5. bxc3 c5 6. Qc2 b6 7. e4 0-0 8. Bd3 h6 9. f4 Bb7 10. Nf3 d5 11. cxd5 exd5 12. e5 Ne4 13. f5 cxd4 14. cxd4 Kh7 15. 0-0 Nd7 16. g4 Rc8 17. Qg2 Rc3 18. Rd1 Qe7 19. Qh3 f6 20. e6 Ndc5 21. Bb1 Na4 22. Bf4 Rfc8 23. g5 fxg5 24. Bd2 R3c7 25. Bxg5 Nf6 26. Bd2 Nc3 27. Rf1 Ba6 28. Re1 Nce4 29. Bb4 Qe8 30. Qg2 Rc1 31. Bxe4 Rxa1 32. Rxa1 Nxe4 33. Ne5 Nf6 34. Nf7 h5 35. h3 Qc6 36. Rd1 Qc2 37. Qxc2 Rxc2 38. Re1 Bb5 39. Bd6 Ne4 40. Be5 Rf2 41. Rxe4 Rf1+ 42. Kg2 dxe4 43. Nd6 e3 44. Nxb5 e2 45. Bg3 e1Q 46. Bxe1 Rxe1 47. Kf2 Re4 48. Nc3 Rf4+ 49. Ke3 Rxf5 50. e7 1-0

[Event "CRO-chT3B Center North"]
[Site "Croatia"]
[Date "2013.05.05"]
[Round "4.3"]
[White "Vucko, Jozsef"]
[Black "Gakic, Miodrag"]
[Result "0-1"]
[WhiteElo "2043"]
[BlackElo "1970"]
[PlyCount "51"]
[EventDate "2013.04.14"]
[EventType "team-tourn"]
[EventRounds "9"]
[EventCountry "CRO"]
[SourceTitle "EXT 2019"]
[Source "ChessBase"]
[SourceDate "2018.10.10"]
[SourceVersion "1"]
[SourceVersionDate "2018.10.10"]
[SourceQuality "1"]

1. c4 e5 2. Nc3 Nf6 3. e3 Bb4 4. d4 exd4 5. Qxd4 Nc6 6. Qd3 0-0 7. a3 Bxc3+ 8. Qxc3 d5 9. Nf3 Re8 10. Be2 Bg4 11. cxd5 Qxd5 12. Bc4 Qh5 13. Nd2 Rad8 14. 0-0 Be2 15. Re1 Bxc4 16. Qxc4 Ng4 17. h3 Nge5 18. Qe2 Qg6 19. Nc4 Nd3 20. Rd1 Nf4 21. Qf3 Rxd1+ 22. Kh2 Qc2 23. Qxf4 Rxc1 24. Rxc1 Qxc1 25. b3 Qc3 26. Qxc7 0-1

[Event "HUN-chT2 Charousek 1213"]
[Site "Hungary"]
[Date "2012.11.18"]
[Round "4"]
[White "Vucko, Jozsef"]
[Black "Fehervari, Istvan"]
[Result "1-0"]
[WhiteElo "2039"]
[BlackElo "1993"]
[PlyCount "89"]
[EventDate "2012.09.16"]
[EventType "team-tourn"]
[EventRounds "11"]
[EventCountry "HUN"]
[SourceTitle "EXT 2014"]
[Source "ChessBase"]
[SourceDate "2013.11.20"]
[SourceVersion "1"]
[SourceVersionDate "2013.11.20"]
[SourceQuality "1"]
[WhiteTeam "Alsoszolnok"]
[BlackTeam "Fehervar"]
[WhiteTeamCountry "HUN"]
[BlackTeamCountry "HUN"]

1. c4 Nf6 2. d4 e6 3. a3 c5 4. d5 exd5 5. cxd5 d6 6. Bg5 Qa5+ 7. Bd2 Qc7 8. Bc3 Ne4 9. Qa4+ b5 10. Qxe4+ Kd8 11. e3 a6 12. Nd2 Bb7 13. Qg4 f6 14. e4 Bc8 15. Qg3 Nd7 16. f4 h5 17. Ngf3 Qb8 18. Ba5+ Ke7 19. Nh4 Kf7 20. Be2 Rh6 21. Bxh5+ Kg8 22. Bg6 Nb6 23. 0-0 Ra7 24. b3 Rb7 25. Bc3 Be7 26. Nf5 Bxf5 27. Bxf5 Qe8 28. Nf3 Qh5 29. Rae1 Nd7 30. h3 Nf8 31. Bg4 Qf7 32. Nh4 g6 33. Kh1 Kh7 34. Bd1 b4 35. axb4 cxb4 36. Bd2 a5 37. Nf3 Rc7 38. Nd4 f5 39. Qd3 Bh4 40. Nf3 fxe4 41. Rxe4 Qf6 42. f5 g5 43. Nh2 Qb2 44. Ng4 Bg3 45. Nxh6 1-0

[Event "HUN-chT2 Charousek 1213"]
[Site "Hungary"]
[Date "2012.11.04"]
[Round "3"]
[White "Farkas, Zsolt"]
[Black "Vucko, Jozsef"]
[Result "1-0"]
[WhiteElo "2171"]
[BlackElo "2039"]
[PlyCount "53"]
[EventDate "2012.09.16"]
[EventType "team-tourn"]
[EventRounds "11"]
[EventCountry "HUN"]
[SourceTitle "EXT 2014"]
[Source "ChessBase"]
[SourceDate "2013.11.20"]
[SourceVersion "1"]
[SourceVersionDate "2013.11.20"]
[SourceQuality "1"]
[WhiteTeam "Csuti"]
[BlackTeam "Alsoszolnok"]
[WhiteTeamCountry "HUN"]
[BlackTeamCountry "HUN"]

1. e4 e5 2. Nc3 c6 3. Nf3 Bb4 4. Nxe5 Qe7 5. Nf3 Bxc3 6. dxc3 d5 7. e5 Bg4 8. Qd4 h5 9. Bf4 Bxf3 10. gxf3 g5 11. Be3 Nh6 12. e6 Rg8 13. exf7+ Nxf7 14. 0-0-0 Nd7 15. Be2 b6 16. h4 0-0-0 17. hxg5 Nxg5 18. Rxh5 Kb7 19. Qh4 Rde8 20. Rxg5 Rxg5 21. Qxg5 Qxg5 22. Bxg5 Rxe2 23. Be3 Ne5 24. Rh1 Nxf3 25. Kd1 Rxe3 26. fxe3 a5 27. Rh5 1-0

[Event "Skopje Karposh op"]
[Site "Skopje"]
[Date "2012.04.10"]
[Round "5"]
[White "Vucko, Jozsef"]
[Black "Karatrajkov, Nikola"]
[Result "1-0"]
[WhiteElo "2054"]
[BlackElo "1770"]
[PlyCount "101"]
[EventDate "2012.04.07"]
[EventType "swiss"]
[EventRounds "9"]
[EventCountry "MKD"]
[SourceTitle "CBM 147 Extra"]
[Source "ChessBase"]
[SourceDate "2012.04.24"]
[SourceVersion "1"]
[SourceVersionDate "2012.04.24"]
[SourceQuality "1"]

1. c4 Nf6 2. d4 e6 3. a3 a5 4. Nc3 d5 5. Bg5 Be7 6. e3 h6 7. Bh4 c6 8. Rc1 Nbd7 9. Bd3 dxc4 10. Bxc4 Nb6 11. Ba2 Nbd5 12. Nge2 Nxc3 13. Nxc3 Nd5 14. Bg3 Nxc3 15. Rxc3 b6 16. 0-0 Bb7 17. Bb1 c5 18. Be5 Rc8 19. Qg4 Bf6 20. Bxf6 Qxf6 21. dxc5 bxc5 22. Qa4+ Bc6 23. Qc2 Bb5 24. Rd1 c4 25. b3 g6 26. bxc4 Bc6 27. Rd4 0-0 28. Rf4 Qg5 29. f3 h5 30. Rd4 Bxf3 31. e4 e5 32. Rd5 Bg4 33. Rxa5 Rfd8 34. Rd5 Be6 35. Rxd8+ Rxd8 36. Rg3 Bg4 37. Rd3 Rxd3 38. Qxd3 Qc1+ 39. Qf1 Qxa3 40. Bd3 Qa7+ 41. Qf2 Qa1+ 42. Bf1 Be6 43. Qe2 Qd4+ 44. Kh1 Bg4 45. Qd3 Qf2 46. h3 Be6 47. Kh2 Kg7 48. Qe2 Qf4+ 49. Kg1 Qg3 50. Qd3 Qe1 51. g3 1-0

[Event "HUN-chT2 Szechenyi 1112"]
[Site "Hungary"]
[Date "2011.11.13"]
[Round "3.5"]
[White "Vucko, Jozsef"]
[Black "Babocs, Gyula"]
[Result "1/2-1/2"]
[WhiteElo "2054"]
[BlackElo "2019"]
[PlyCount "168"]
[EventDate "2011.09.25"]
[EventType "team-tourn"]
[EventRounds "11"]
[EventCountry "HUN"]
[SourceTitle "EXT 2013"]
[Source "ChessBase"]
[SourceDate "2012.11.22"]
[SourceVersion "1"]
[SourceVersionDate "2012.11.22"]
[SourceQuality "1"]
[WhiteTeam "Alsoszolnok"]
[BlackTeam "Ajka Banyasz"]
[WhiteTeamCountry "HUN"]
[BlackTeamCountry "HUN"]

1. c4 g6 2. Nc3 Bg7 3. d4 d6 4. g3 Nc6 5. e3 e5 6. d5 Nce7 7. Bg2 Nf6 8. Nge2 0-0 9. 0-0 Bd7 10. Qc2 Qc8 11. Rd1 h6 12. a3 Nh7 13. e4 f5 14. Be3 fxe4 15. Nxe4 Nf5 16. Qd2 Nf6 17. Nxf6+ Rxf6 18. Nc3 Nxe3 19. Qxe3 Bf5 20. f3 g5 21. g4 Bg6 22. Rac1 Qd7 23. b4 a5 24. h3 axb4 25. axb4 Ra3 26. Qd2 Rf4 27. Ne2 Rfxf3 28. Bxf3 Rxf3 29. Rc3 Qf7 30. Ng3 e4 31. Re3 Qf4 32. Nf1 h5 33. gxh5 Bf5 34. Rde1 Bxh3 35. Rxf3 exf3 36. Qxf4 gxf4 37. Kf2 Bg4 38. Re4 Be5 39. Nh2 Bf5 40. Kxf3 Bxe4+ 41. Kxe4 Bc3 42. Ng4 Bxb4 43. Kxf4 c6 44. Kf5 cxd5 45. Nf6+ Kf7 46. Nxd5 Bd2 47. Nf4 Kg7 48. Ne6+ Kh6 49. Kg4 Be3 50. Nd8 b6 51. Nf7+ Kh7 52. Nxd6 Bc5 53. Nf7 Kg7 54. Ng5 Kh6 55. Ne6 Bg1 56. Nc7 Bc5 57. Nd5 Bg1 58. Ne7 Bc5 59. Nf5+ Kh7 60. Kg5 Bb4 61. Kf6 Be1 62. Ke6 Bf2 63. Kd7 Bg1 64. Kc6 Bf2 65. Ne7 Kh6 66. Nd5 Kxh5 67. Nxb6 Kg4 68. Na4 Kf5 69. Kd5 Kf6 70. Nc3 Ke7 71. Nb5 Kd8 72. Nd4 Kc7 73. c5 Bxd4 74. Kxd4 Kc6 75. Kc4 Kc7 76. Kd5 Kd7 77. c6+ Kc7 78. Kc5 Kc8 79. Kd6 Kd8 80. Ke5 Kc7 81. Kd5 Kc8 82. Kc5 Kc7 83. Kb5 Kc8 84. Kb6 Kb8 1/2-1/2

[Event "HUN-chT2 Szechenyi 1112"]
[Site "Hungary"]
[Date "2011.09.25"]
[Round "1.6"]
[White "Lukacs, Istvan Richard"]
[Black "Vucko, Jozsef"]
[Result "0-1"]
[WhiteElo "1742"]
[BlackElo "2054"]
[PlyCount "134"]
[EventDate "2011.09.25"]
[EventType "team-tourn"]
[EventRounds "11"]
[EventCountry "HUN"]
[SourceTitle "EXT 2013"]
[Source "ChessBase"]
[SourceDate "2012.11.22"]
[SourceVersion "1"]
[SourceVersionDate "2012.11.22"]
[SourceQuality "1"]
[WhiteTeam "Zalakaros"]
[BlackTeam "Alsoszolnok"]
[WhiteTeamCountry "HUN"]
[BlackTeamCountry "HUN"]

1. c4 e6 2. Nc3 d5 3. e3 Nf6 4. Nf3 Nbd7 5. d4 c6 6. c5 b6 7. b4 a5 8. Qa4 Bb7 9. b5 cxb5 10. Qxb5 Ba6 11. Qa4 Bxf1 12. Rxf1 bxc5 13. Ba3 cxd4 14. Nxd4 Bxa3 15. Qxa3 Qe7 16. Qa4 0-0 17. Nc6 Qc5 18. Rc1 Nb6 19. Qb5 Ne4 20. Qxc5 Nxc5 21. Kd2 Nc4+ 22. Ke2 Ra6 23. Ne7+ Kh8 24. Rb1 g6 25. Rb5 Nd7 26. Rb7 Rd8 27. Rc7 Ndb6 28. Nc6 Rc8 29. Nb5 Nd6 30. Rxc8+ Nbxc8 31. Nbd4 a4 32. Rb1 Kg7 33. g4 h6 34. h4 Kf6 35. Nb8 Ra7 36. Ndc6 Rb7 37. Rxb7 Nxb7 38. Nd7+ Kg7 39. Kd3 Ncd6 40. Nb6 a3 41. Kc2 Nc5 42. f3 Nb5 43. Ne5 g5 44. h5 f6 45. Ned7 Nb7 46. Kb3 d4 47. e4 N7d6 48. Nc5 Kf7 49. Nc4 Ke7 50. Nxa3 d3 51. Nxd3 Nd4+ 52. Kc3 Nxf3 53. Nc4 Nxe4+ 54. Kb4 Kd7 55. Nc5+ Nxc5 56. Kxc5 Kc7 57. a4 f5 58. gxf5 exf5 59. a5 g4 60. a6 g3 61. Ne3 Ne1 62. Nd5+ Kc8 63. Nf4 g2 64. Ne2 f4 65. Kc6 Kb8 66. Kb6 f3 67. a7+ Ka8 0-1

[Event "CRO-chT3B Center North"]
[Site "Croatia"]
[Date "2011.04.16"]
[Round "3.42"]
[White "Maltar, Alberto"]
[Black "Vucko, Jozsef"]
[Result "1/2-1/2"]
[WhiteElo "2151"]
[BlackElo "2018"]
[PlyCount "95"]
[EventDate "2011.03.26"]
[EventType "team-tourn"]
[EventRounds "9"]
[EventCountry "CRO"]
[SourceTitle "EXT 2014"]
[Source "ChessBase"]
[SourceDate "2013.11.20"]
[SourceVersion "1"]
[SourceVersionDate "2013.11.20"]
[SourceQuality "1"]

1. c4 e5 2. Nc3 Nc6 3. e3 g6 4. d4 d6 5. Nf3 Bg7 6. Be2 f5 7. dxe5 Nxe5 8. 0-0 Ne7 9. Nxe5 Bxe5 10. f4 Bg7 11. Bf3 0-0 12. Qd3 Rb8 13. Rd1 Be6 14. Rb1 a6 15. b4 Qe8 16. Nd5 Nxd5 17. cxd5 Bd7 18. Bb2 Bb5 19. Qd2 Qf7 20. Bxg7 Qxg7 21. Qc2 Qd7 22. Rdc1 Rbc8 23. Ra1 Ba4 24. Qd2 Rfe8 25. Kf2 Qg7 26. h4 Qf6 27. g3 h5 28. Rc3 Re7 29. Rac1 Qg7 30. Re1 Kh7 31. e4 Rce8 32. Rce3 fxe4 33. Bxe4 Qf6 34. Qd3 Kh6 35. Kg1 Bb5 36. Qd2 Bd7 37. f5 g5 38. Bb1 Rxe3 39. Rxe3 Rxe3 40. Qxe3 Bxf5 41. Bxf5 Qxf5 42. Qe6+ Qg6 43. hxg5+ Kxg5 44. Qe3+ Kf6 45. Qc3+ Kg5 46. Kh2 Qf7 47. Qe3+ Kg6 48. Qe4+ 1/2-1/2

[Event "CRO-chT3B Center North"]
[Site "Cakovec"]
[Date "2010.10.23"]
[Round "9.34"]
[White "Vucko, Jozsef"]
[Black "Zver, Mladen"]
[Result "1-0"]
[WhiteElo "2025"]
[BlackElo "1891"]
[PlyCount "125"]
[EventDate "2010.03.27"]
[EventType "team-tourn"]
[EventRounds "9"]
[EventCountry "CRO"]
[SourceTitle "EXT 2012"]
[Source "ChessBase"]
[SourceDate "2011.11.24"]
[SourceVersion "1"]
[SourceVersionDate "2011.11.24"]
[SourceQuality "1"]

1. c4 f5 2. d4 e6 3. a3 Nf6 4. Nc3 d5 5. Bg5 c6 6. e3 Be7 7. Nf3 0-0 8. h3 Ne4 9. Bf4 Nd7 10. Bd3 Qe8 11. 0-0 g5 12. Bh2 Qg6 13. Ne2 h5 14. Ne5 Nxe5 15. Bxe5 Bd6 16. Bxe4 Bxe5 17. Bd3 Bc7 18. f4 g4 19. hxg4 hxg4 20. Kf2 Kg7 21. Rh1 Bd7 22. Ng3 Rh8 23. Qa4 a6 24. Qb4 Qf7 25. Qxb7 Bd6 26. Rxh8 Rxh8 27. Qxa6 Be7 28. Qa5 Bh4 29. Qe1 Bxg3+ 30. Kxg3 Qh5 31. Kf2 g3+ 32. Kxg3 Kf6 33. Kf2 Be8 34. Qg1 Qh4+ 35. Ke2 Bh5+ 36. Kd2 Rg8 37. Rf1 Qg3 38. Qf2 Qxg2 39. Qxg2 Rxg2+ 40. Kc3 Rg3 41. Re1 Ke7 42. a4 Kd6 43. b4 dxc4 44. Bxc4 Bf3 45. a5 Rg7 46. a6 Be4 47. Ra1 Ra7 48. Rg1 Bd5 49. Be2 Rh7 50. Rg8 Ra7 51. Kb2 Bh1 52. Ka3 Kd5 53. Re8 Kd6 54. Ka4 Bd5 55. Ka5 Kc7 56. Bf1 Ba2 57. Bg2 Bc4 58. Re7+ Kb8 59. Rxa7 Kxa7 60. Bxc6 Bxa6 61. b5 Bc8 62. b6+ Kb8 63. Kb5 1-0

[Event "HUN-chT2 Szechenyi 1011"]
[Site "Hungary"]
[Date "2010.09.26"]
[Round "2.10"]
[White "Vucko, Jozsef"]
[Black "Domonkos, Andras"]
[Result "1/2-1/2"]
[WhiteElo "2022"]
[BlackElo "1921"]
[PlyCount "108"]
[EventDate "2010.09.12"]
[EventType "team-tourn"]
[EventRounds "11"]
[EventCountry "HUN"]
[SourceTitle "EXT 2012"]
[Source "ChessBase"]
[SourceDate "2011.11.24"]
[SourceVersion "1"]
[SourceVersionDate "2011.11.24"]
[SourceQuality "1"]
[WhiteTeam "Alsoszolnok"]
[BlackTeam "Veszprem"]
[WhiteTeamCountry "HUN"]
[BlackTeamCountry "HUN"]

1. c4 Nf6 2. Nc3 c5 3. g3 Nc6 4. Bg2 g6 5. e3 e5 6. Nge2 Bg7 7. 0-0 0-0 8. d4 d6 9. dxc5 dxc5 10. Qa4 Bd7 11. Qb5 Qb6 12. Rd1 Qxb5 13. cxb5 Nd8 14. a4 a5 15. Ne4 Bg4 16. Kf1 Nxe4 17. Bxe4 Rb8 18. Bd5 b6 19. f3 Be6 20. Nc3 Bxd5 21. Rxd5 Ne6 22. Ke2 Rfd8 23. Bd2 Nc7 24. Rxd8+ Rxd8 25. Rd1 Ne6 26. Be1 Rxd1 27. Kxd1 Nc7 28. Kc2 f5 29. e4 Kf7 30. Kd3 Ke6 31. Kc4 Bf6 32. Nd1 fxe4 33. fxe4 Bg5 34. Bxa5 bxa5 35. Kxc5 Kd7 36. Kb6 Bd2 37. Nc3 Ne6 38. Nd5 Ng5 39. Ka7 Nxe4 40. b6 Nd6 41. b7 Nxb7 42. Kxb7 Kd6 43. Nf6 Ke6 44. Ne4 Bc1 45. Kc6 Bxb2 46. g4 h6 47. Kc5 Ba3+ 48. Kc4 Be7 49. h3 h5 50. Nd2 hxg4 51. hxg4 Bh4 52. Ne4 Be7 53. Nf2 Bh4 54. Ne4 Be7 1/2-1/2

[Event "HUN-chT2 Szechenyi 1011"]
[Site "Hungary"]
[Date "2010.09.12"]
[Round "1.10"]
[White "Abert, Gyula"]
[Black "Vucko, Jozsef"]
[Result "0-1"]
[WhiteElo "1781"]
[BlackElo "2022"]
[PlyCount "138"]
[EventDate "2010.09.12"]
[EventType "team-tourn"]
[EventRounds "11"]
[EventCountry "HUN"]
[SourceTitle "EXT 2012"]
[Source "ChessBase"]
[SourceDate "2011.11.24"]
[SourceVersion "1"]
[SourceVersionDate "2011.11.24"]
[SourceQuality "1"]
[WhiteTeam "Arboretum"]
[BlackTeam "Alsoszolnok"]
[WhiteTeamCountry "HUN"]
[BlackTeamCountry "HUN"]

1. d4 d5 2. Nf3 Bf5 3. Nbd2 e6 4. e3 Nf6 5. c3 Bd6 6. g3 Nbd7 7. Bg2 Bd3 8. Nb3 Ba6 9. a3 Ne4 10. Qc2 c5 11. Nbd2 f5 12. b3 Rc8 13. Nxe4 dxe4 14. Nd2 Nf6 15. c4 0-0 16. 0-0 b5 17. dxc5 Rxc5 18. Bb2 bxc4 19. bxc4 Ng4 20. Qa4 Qc8 21. Rac1 Be5 22. Bd4 Rc7 23. Rc3 Bxd4 24. exd4 Rd8 25. Rfc1 Rxd4 26. Qc2 Ne5 27. c5 Nd3 28. Nb3 Ra4 29. Ra1 Nb4 30. axb4 Rxb4 31. Qd2 Qb7 32. h3 Bd3 33. Rxd3 Kf7 34. Na5 Rb1+ 35. Rxb1 Qxb1+ 36. Qd1 Qxd3 37. Qxd3 exd3 38. c6 Ke7 39. Kf1 e5 40. Ke1 e4 41. g4 g6 42. Kd2 Kd6 43. f3 Ke5 44. fxe4 fxe4 45. Ke3 Rf7 46. Nc4+ Kd5 47. Na5 Re7 48. Bh1 g5 49. Bg2 h6 50. Bh1 Re8 51. Bg2 Re7 52. Bh1 Kc5 53. Bxe4 Kb4 54. c7 Rxc7 55. Nc6+ Kc3 56. Nd4 Re7 57. Nb5+ Kb4 58. Nxa7 Rxa7 59. Bxd3 Kc5 60. Ke4 Kd6 61. Kf5 Ra3 62. Bb1 Rxh3 63. Kg6 Ke5 64. Bf5 Kf4 65. Bc8 Rh4 66. Be6 Rxg4 67. Bxg4 Kxg4 68. Kxh6 Kh4 69. Kg6 g4 0-1

[Event "HUN-chT2 Charousek 0910"]
[Site "Hungary"]
[Date "2010.01.31"]
[Round "5"]
[White "Vucko, Jozsef"]
[Black "Nemeth, Zsolt"]
[Result "1-0"]
[WhiteElo "2033"]
[BlackElo "2011"]
[PlyCount "93"]
[EventDate "2009.11.08"]
[EventType "team-tourn"]
[EventRounds "11"]
[EventCountry "HUN"]
[SourceTitle "EXT 2011"]
[Source "ChessBase"]
[SourceDate "2010.11.26"]
[SourceVersion "1"]
[SourceVersionDate "2010.11.26"]
[SourceQuality "1"]
[WhiteTeam "Alsoszolnok"]
[BlackTeam "Csuti II"]
[WhiteTeamCountry "HUN"]
[BlackTeamCountry "HUN"]

1. d4 Nf6 2. c4 g6 3. Nc3 d5 4. Nf3 Bg7 5. Bg5 Ne4 6. cxd5 Nxg5 7. Nxg5 e6 8. Nf3 exd5 9. e3 0-0 10. Bd3 c6 11. 0-0 Be6 12. Qb3 Qb6 13. Qc2 Nd7 14. Ng5 Rae8 15. b4 a6 16. a4 Qd8 17. Nxe6 Rxe6 18. b5 axb5 19. axb5 c5 20. dxc5 Nxc5 21. Rad1 d4 22. Ne2 Nxd3 23. Qxd3 Qb6 24. exd4 Rfe8 25. Rd2 Rd6 26. Qc4 Re4 27. f3 Re7 28. Rfd1 Bh6 29. f4 Rc7 30. Qb3 Rcd7 31. g3 Bg7 32. Qc4 Rd5 33. Kg2 Rxb5 34. d5 Rb4 35. Qd3 Rb3 36. Qc4 Rc7 37. Qa4 Rc8 38. d6 Rd8 39. Qe4 Re3 40. Qd5 Rd7 41. Qc4 Re8 42. Nc3 Qc6+ 43. Qxc6 bxc6 44. Na4 Red8 45. Nc5 Ra7 46. Re2 Bf8 47. d7 1-0

[Event "HUN-chT2 Szechenyi 0809"]
[Site "Hungary"]
[Date "2009.03.08"]
[Round "9.6"]
[White "Toth, Szabolcs"]
[Black "Vucko, Jozsef"]
[Result "1/2-1/2"]
[WhiteElo "2020"]
[BlackElo "2077"]
[PlyCount "74"]
[EventDate "2008.10.26"]
[EventType "team-tourn"]
[EventRounds "11"]
[EventCountry "HUN"]
[SourceTitle "EXT 2010"]
[Source "ChessBase"]
[SourceDate "2010.11.25"]
[SourceVersion "1"]
[SourceVersionDate "2010.11.25"]
[SourceQuality "1"]
[WhiteTeam "Kervaros"]
[BlackTeam "Alsoszolnok"]
[WhiteTeamCountry "HUN"]
[BlackTeamCountry "HUN"]

1. e4 e5 2. Nf3 d6 3. Nc3 Nf6 4. h3 h6 5. Bc4 c6 6. d4 exd4 7. Qxd4 Nbd7 8. Bf4 Nb6 9. Bb3 d5 10. exd5 cxd5 11. Nb5 Be6 12. Nc7+ Kd7 13. Nxa8 Qxa8 14. Ne5+ Ke8 15. Nd3 Qc8 16. Be5 Be7 17. Nf4 Bc5 18. Qd1 Ke7 19. 0-0 Rd8 20. Bxf6+ gxf6 21. Re1 Qc6 22. Qh5 Bd4 23. c3 Be5 24. Nxe6 fxe6 25. Qxh6 Rf8 26. Qh4 Kd7 27. Qg4 Re8 28. Rad1 f5 29. Qe2 Bf6 30. Qf3 Kc7 31. Qf4+ Kc8 32. Re2 Bd8 33. Rde1 Bc7 34. Qh6 Kd7 35. Qg7+ Re7 36. Qg5 f4 37. f3 a5 1/2-1/2

[Event "HUN-chT2 Szechenyi 0809"]
[Site "Hungary"]
[Date "2008.11.30"]
[Round "3.7"]
[White "Vucko, Jozsef"]
[Black "Toth, Laszlo5555"]
[Result "1-0"]
[WhiteElo "2077"]
[BlackElo "1809"]
[PlyCount "96"]
[EventDate "2008.10.26"]
[EventType "team-tourn"]
[EventRounds "11"]
[EventCountry "HUN"]
[SourceTitle "EXT 2010"]
[Source "ChessBase"]
[SourceDate "2010.11.25"]
[SourceVersion "1"]
[SourceVersionDate "2010.11.25"]
[SourceQuality "1"]
[WhiteTeam "Alsoszolnok"]
[BlackTeam "Lovo"]
[WhiteTeamCountry "HUN"]
[BlackTeamCountry "HUN"]

1. c4 Nf6 2. d4 e6 3. a3 c6 4. Nc3 d5 5. e3 Nbd7 6. Nf3 Bd6 7. Bd3 0-0 8. 0-0 a6 9. Qc2 h6 10. Ne2 e5 11. dxe5 Nxe5 12. Ned4 c5 13. Nxe5 cxd4 14. exd4 dxc4 15. Bxc4 b5 16. Be2 Bb7 17. Bf3 Rc8 18. Qb3 Bxf3 19. Qxf3 Nh7 20. Qg3 Kh8 21. Qb3 Qc7 22. Bf4 Bxe5 23. Bxe5 Qd7 24. Qg3 f6 25. Bd6 Rfd8 26. Bc5 Ng5 27. Bb6 Re8 28. h4 Ne4 29. Qg6 Nd2 30. Rfe1 Nc4 31. Bc5 Nxb2 32. Rac1 Nc4 33. a4 Re6 34. axb5 axb5 35. Ra1 Qe8 36. Qxe8+ Rcxe8 37. Red1 Rc6 38. Rab1 Rb8 39. Re1 Rb7 40. h5 f5 41. Re8+ Kh7 42. f3 g6 43. hxg6+ Rxg6 44. Kf2 Ra6 45. Kg3 Rf6 46. Kf4 Nd6 47. Rd8 Nf7 48. Rc8 Nd6 1-0